| 000 | 00552nam a2200133Ia 4500 | ||
|---|---|---|---|
| 008 | 171207s9999 xx 000 0 und d | ||
| 100 | _aVogelzang, Johannes | ||
| 245 | _aClassroom action research on formative assessment in a context-based chemistry course | ||
| 245 | _cJohannes Vogelzang & Wilfried F. Admiraal | ||
| 260 | _c2017 | ||
| 300 | _apages 155-166, 2017 | ||
| 440 |
_aEducational Action Research _v25:1 |
||
| 650 | _aClassroom action research, context concept approaches, formative assessment, high school chemistry, learning achievement | ||
| 999 |
_c347459 _d347459 |
||